|
|
|
|
| LEADER |
02388nam a2200529 aa4500 |
| 001 |
000032020 |
| 003 |
CZ BrMZK |
| 005 |
20230303111808.0 |
| 007 |
ta |
| 008 |
010907m19952009xr e c 0 cze d |
| 015 |
|
|
|a cnb002596541
|z cnb002087997
|z cnb000108218
|
| 020 |
|
|
|a 80-85048-61-2
|q (katalog ;
|q Muzejní a vlastivědná společnost, Brno ;
|q brož.)
|
| 020 |
|
|
|a 978-80-87632-99-4
|q (dodatky ;
|q v knize neuvedeno ;
|q brož.)
|
| 035 |
|
|
|a (OCoLC)36612715
|
| 035 |
|
|
|a (OCoLC)880867991
|
| 040 |
|
|
|a ABA001
|b cze
|
| 043 |
|
|
|a e-xr---
|b e-xr-mr
|b e-xr-sl
|2 czenas
|
| 072 |
|
7 |
|a 929.5/.9
|x Genealogie. Heraldika. Šlechta. Vlajky
|2 Konspekt
|9 8
|
| 080 |
|
|
|a 929.6:347.191.5
|2 MRF
|
| 080 |
|
|
|a 929.6:911.375
|2 MRF
|
| 080 |
|
|
|a (437.32)
|2 MRF
|
| 080 |
|
|
|a (437.33)
|2 MRF
|
| 080 |
|
|
|a (083.82)
|2 MRF
|
| 100 |
1 |
|
|a Müller, Karel,
|d 1958-
|7 jo20000074066
|4 aut
|
| 245 |
1 |
0 |
|a Znaková privilegia měst, městeček a vsí na Moravě a ve Slezsku /
|c Karel Müller, Ivan Štarha ; [fotografie Anna Pecková]
|
| 260 |
|
|
|a Brno :
|b Moravský zemský archiv :
|b Muzejní a vlastivědná společnost ;
|a Opava :
|b Zemský archiv,
|c 1995-2009
|
| 300 |
|
|
|a 2 sv. :
|b barev. erby ;
|c 25 cm
|
| 490 |
1 |
|
|a Knižnice Jižní Moravy ;
|v sv. 14
|
| 500 |
|
|
|a Název z obálky
|
| 500 |
|
|
|a Nakladatelem Dodatků pouze Zemský archiv v Opavě
|
| 500 |
|
|
|a Dostupné též v digitální podobě v aplikaci Kramerius
|
| 504 |
|
|
|a Obsahuje bibliografii a rejstřík
|
| 505 |
0 |
|
|a Katalog. 1995. 55 s. 1000 výt. -- Dodatky a opravy. 2009. 7 s. 500 výt.
|
| 650 |
0 |
7 |
|a znaková privilegia
|7 ph127653
|z Česko
|2 czenas
|
| 650 |
0 |
7 |
|a městské znaky
|7 ph123111
|z Česko
|2 czenas
|
| 651 |
|
7 |
|a Morava (Česko)
|7 ge130070
|2 czenas
|
| 651 |
|
7 |
|a Slezsko (Česko)
|7 ge138041
|2 czenas
|
| 655 |
|
7 |
|a katalogy
|7 fd132535
|2 czenas
|
| 700 |
1 |
|
|a Štarha, Ivan,
|d 1935-2022
|7 jk01131086
|4 aut
|
| 700 |
1 |
|
|a Pecková, Anna,
|d 1940-
|7 xx0014338
|4 pht
|
| 830 |
|
0 |
|a Knižnice Jižní Moravy
|0 s
|
| 856 |
4 |
1 |
|u http://www.digitalniknihovna.cz/mzk/uuid/uuid:4dfd1080-5023-11eb-9496-005056827e52
|y Digitalizovaný dokument
|x NDK
|
| 910 |
|
|
|a BOA001
|b 3-1012.236
|s 1
|
| 990 |
|
|
|a BK
|
| 991 |
|
|
|b 200705
|
| 996 |
6 |
|
|b 2610025270
|c 3-1012.236
|l MZK
|r Sklad / do 1 hodiny
|n 30
|p p.v.
|w 000032020
|u 000010
|a 1
|e BOA001
|j MZK50
|s P
|
| 996 |
6 |
|
|b 2610025867
|c 3-1012.236
|l MZK
|r Sklad / do 1 hodiny
|n 27
|p p.v.
|w 000032020
|u 000020
|a 1
|e BOA001
|j MZK50
|s P
|